Canti della Patria (Lp Hit 30.218) (Record n. 102740)

Dettagli MARC
000 -LEADER
fixed length control field 03156njm a2200505Ia 4500
001 - CONTROL NUMBER
control field 23934
003 - CONTROL NUMBER IDENTIFIER
control field IT-RoPAU
005 - DATE AND TIME OF LATEST TRANSACTION
control field 20220918181158.0
008 - FIXED-LENGTH DATA ELEMENTS--GENERAL INFORMATION
fixed length control field 131025s9999 xx 000 0 und d
040 ## - CATALOGING SOURCE
Original cataloging agency IT-RoPAU
040 ## - CATALOGING SOURCE
Transcribing agency IT-RoPAU
041 ## - LANGUAGE CODE
Language code of text/sound track or separate title ITALIANO
999 ## - SYSTEM CONTROL NUMBERS (KOHA)
Koha Dewey Subclass [OBSOLETE] n.d.
100 ## - MAIN ENTRY--PERSONAL NAME
Personal name AA.VV.
9 (RLIN) 794
100 ## - MAIN ENTRY--PERSONAL NAME
Relator term Autore musica
9 (RLIN) 7662
100 ## - MAIN ENTRY--PERSONAL NAME
Miscellaneous information Codice autore musica SPICS: 12000
9 (RLIN) 796
245 ## - TITLE STATEMENT
Title Canti della Patria (Lp Hit 30.218)
250 ## - EDITION STATEMENT
Edition statement 1a ed.
260 ## - PUBLICATION, DISTRIBUTION, ETC. (IMPRINT)
Place of publication, distribution, etc. ITALIA
260 ## - PUBLICATION, DISTRIBUTION, ETC. (IMPRINT)
Name of publisher, distributor, etc. HIT RECORDS
300 ## - PHYSICAL DESCRIPTION
Extent DISCO
500 ## - GENERAL NOTE
General note Canti corali. Canti patriottici. Canti storici
505 ## - FORMATTED CONTENTS NOTE
Formatted contents note Inno di Mameli - Monte Grappa - Sul cappello che noi portiamo - O Dio del cielo - Testamento del capitano - Inno alla bandiera - Và pensiero - Bandiera tricolore - Leggenda del Piave - Dove sei stato, mio bell'alpino - Le campane di San Giusto - Inno sardo - Soldato ignoto - La bella Gigogin - Inno al fante - Inno di Garibaldi - Flic-Floc
511 ## - PARTICIPANT OR PERFORMER NOTE
Participant or performer note Orchestra e Coro Amici della Musica di Roma
650 ## - SUBJECT ADDED ENTRY--TOPICAL TERM
Topical term or geographic name as entry element POPOLARE [DISCHI]
Relator term Codice MATERIA SPICS: 9950
9 (RLIN) 7663
700 ## - ADDED ENTRY--PERSONAL NAME
Personal name Coro Amici della Musica-Roma
Dates associated with a name Codice interprete SPICS: 14063
Relator term Interprete
9 (RLIN) 7664
700 ## - ADDED ENTRY--PERSONAL NAME
Personal name Novaro Michele
Dates associated with a name Codice autore musica SPICS: 14205
Relator term Autore musica
Name of part/section of a work Inno di Mameli
9 (RLIN) 7665
700 ## - ADDED ENTRY--PERSONAL NAME
Personal name Mameli Goffredo
Dates associated with a name Codice autore testo/musica SPICS: 13723
Relator term Autore testo/musica
Name of part/section of a work Inno di Mameli
9 (RLIN) 7666
700 ## - ADDED ENTRY--PERSONAL NAME
Personal name De Bono
Dates associated with a name Codice autore musica SPICS: 14207
Relator term Autore musica
Name of part/section of a work Monte Grappa
9 (RLIN) 7667
700 ## - ADDED ENTRY--PERSONAL NAME
Personal name Meneghetti
Dates associated with a name Codice autore testo/musica SPICS: 14208
Relator term Autore testo/musica
Name of part/section of a work Monte Grappa
9 (RLIN) 7668
700 ## - ADDED ENTRY--PERSONAL NAME
Personal name Anonimo
Dates associated with a name Codice autore musica SPICS: 2620
Relator term Autore musica
Name of part/section of a work Sul cappello che noi portiamo - O Dio del cielo - Testamento del capitano - Bandiera tricolore - Dove sei stato, mio bell'alpino - La bella Gigogin
9 (RLIN) 7669
700 ## - ADDED ENTRY--PERSONAL NAME
Personal name Lena
Dates associated with a name Codice autore musica SPICS: 14209
Relator term Autore musica
Name of part/section of a work Inno alla bandiera
9 (RLIN) 7670
700 ## - ADDED ENTRY--PERSONAL NAME
Personal name Bodini
Dates associated with a name Codice autore testo/musica SPICS: 14210
Relator term Autore testo/musica
Name of part/section of a work Inno alla bandiera
9 (RLIN) 7671
700 ## - ADDED ENTRY--PERSONAL NAME
Personal name Verdi Giuseppe
Dates associated with a name Codice autore musica SPICS: 89
Relator term Autore musica
Name of part/section of a work Và pensiero
9 (RLIN) 7672
700 ## - ADDED ENTRY--PERSONAL NAME
Personal name Mario E.A. (Gaeta Giovanni)
Dates associated with a name Codice autore musica SPICS: 13440
Relator term Autore musica
Name of part/section of a work Leggenda del Piave - Soldato ignoto
9 (RLIN) 7673
700 ## - ADDED ENTRY--PERSONAL NAME
Personal name Drovetti
Dates associated with a name Codice autore musica SPICS: 14211
Relator term Autore musica
Name of part/section of a work Le campane di San Giusto
9 (RLIN) 7674
700 ## - ADDED ENTRY--PERSONAL NAME
Personal name Arona C.
Dates associated with a name Codice autore testo/musica SPICS: 14212
Relator term Autore testo/musica
Name of part/section of a work Le campane di San Giusto - Inno sardo
9 (RLIN) 7675
700 ## - ADDED ENTRY--PERSONAL NAME
Personal name Angius
Dates associated with a name Codice autore musica SPICS: 14213
Relator term Autore musica
Name of part/section of a work Inno sardo
9 (RLIN) 7676
700 ## - ADDED ENTRY--PERSONAL NAME
Personal name Zangavini
Dates associated with a name Codice autore musica SPICS: 14214
Relator term Autore musica
Name of part/section of a work Inno al fante
9 (RLIN) 7677
700 ## - ADDED ENTRY--PERSONAL NAME
Personal name Pettinato
Dates associated with a name Codice autore testo/musica SPICS: 14215
Relator term Autore testo/musica
Name of part/section of a work Inno al fante
9 (RLIN) 7678
700 ## - ADDED ENTRY--PERSONAL NAME
Personal name Olivieri Dino
Dates associated with a name Codice autore musica SPICS: 13481
Relator term Autore musica
Name of part/section of a work Inno di Garibaldi
9 (RLIN) 7679
700 ## - ADDED ENTRY--PERSONAL NAME
Personal name Mercantini Luigi
Dates associated with a name Codice autore testo/musica SPICS: 13728
Relator term Autore testo/musica
Name of part/section of a work Inno di Garibaldi
9 (RLIN) 7680
700 ## - ADDED ENTRY--PERSONAL NAME
Personal name Giorza P.
Dates associated with a name Codice autore musica SPICS: 14216
Relator term Autore musica
Name of part/section of a work Flic-Floc
9 (RLIN) 7681
942 ## - ADDED ENTRY ELEMENTS (KOHA)
Koha item type DISCHI
Source of classification or shelving scheme Dewey Decimal Classification
Dati di copia
Withdrawn status Lost status Damaged status Not for loan Home library Current library Date acquired Total Checkouts Full call number Date last seen Price effective from Koha item type Public note
    Buone Condizioni Not For Loan SPICS-MEDIATECA SPICS-MEDIATECA 25/10/2013   23934 25/10/2013 25/10/2013 DISCHI Progr. Ins.: 4781 / N.Vol.: 1 / Copie: 1 - Copia rara: n.d. / date import: 01.01.2014 - By Epidotti, Trombetti, Vaglietti
CREDITS: SOCIETA' SAN PAOLO Via A.Severo, 58 - ROMA (RM) & PERIODICI SAN PAOLO SRL Via Giotto, 36 MILANO & CISF Via Giotto, 36 MILANO & EDIZIONI SAN PAOLO SRL,  Piazza Soncino, 5 CINISELLO BALSAMO (MI) -- ITALY